Výroba vybraných priemyselných výrobkov za 2. štvrťrok 1998

Gespeichert in:
Bibliographische Detailangaben
Format: Buch
Sprache:Slowakisch
Veröffentlicht: Bratislava Štatistický úrad Slovenskej republiky 1998
Schriftenreihe:Energetika, priemysel a stavebníctvo
Tags: Tag hinzufügen
Keine Tags, Fügen Sie das erste Tag hinzu!

MARC

LEADER 00000nam a2200000 4500
001 c102615
005 20260213113517.5
041 0 |a slo 
044 |a SK 
245 1 0 |a Výroba vybraných priemyselných výrobkov za 2. štvrťrok 1998 
264 1 |a Bratislava  |b Štatistický úrad Slovenskej republiky  |c 1998 
300 |a 28 s. 
490 1 |a Energetika, priemysel a stavebníctvo 
830 0 |a Energetika, priemysel a stavebníctvo